London's urban heat island (Record no. 106044)

MARC details
000 -LEADER
fixed length control field 01212cam a2200217 4500
001 - CONTROL NUMBER
control field ##L135401
008 - FIXED-LENGTH DATA ELEMENTS--GENERAL INFORMATION
fixed length control field 061023n2006 000 0 eng u
020 ## - INTERNATIONAL STANDARD BOOK NUMBER
International Standard Book Number 1852619325
-- 9781852619329
035 ## - SYSTEM CONTROL NUMBER
System control number (Sirsi) u135401
041 0# - LANGUAGE CODE
Language code of text/sound track or separate title eng
050 04 - LIBRARY OF CONGRESS CALL NUMBER
Classification number 551.52 $2 18
110 2# - MAIN ENTRY--CORPORATE NAME
Corporate name or jurisdiction name as entry element London
Subordinate unit Greater London Authority
-- Mayor of London
9 (RLIN) 4869
245 00 - TITLE STATEMENT
Title London's urban heat island
Remainder of title a summary for decision makers
260 ## - PUBLICATION, DISTRIBUTION, ETC.
Place of publication, distribution, etc. London
Name of publisher, distributor, etc. GLA
Date of publication, distribution, etc. 2006
520 ## - SUMMARY, ETC.
Summary, etc. Provides a summary of a technical study commissioned by the Mayor to investigate London's urban heat island. Defines the concept of an urban heat island and details the evidence for London's urban heat island. Concludes that London is particularly vulnerable to high temperatures and that London's growth over the next decade needs to ensure that new development is located, designed and constructed to minimise and if possible reduce its contribution to London's urban heat island. Figures.
590 ## - LOCAL NOTE (RLIN)
Local note IKA311006
651 #4 - SUBJECT ADDED ENTRY--GEOGRAPHIC NAME
Geographic name LONDON
690 ## - LOCAL SUBJECT ADDED ENTRY--TOPICAL TERM (OCLC, RLIN)
Topical term or geographic name as entry element ENVIRONMENTAL AND LAND CONSULTANCY-ENERGY-ENERGY USE
856 40 - ELECTRONIC LOCATION AND ACCESS
Uniform Resource Identifier <a href="https://www.london.gov.uk/mayor/environment/climate-change/">https://www.london.gov.uk/mayor/environment/climate-change/</a>
Public note View the summary free of charge at www.london.gov.uk...
942 ## - ADDED ENTRY ELEMENTS (KOHA)
Suppress in OPAC 0
Holdings
Withdrawn status Lost status Source of classification or shelving scheme Damaged status Not for loan Home library Current library Shelving location Date acquired Total Checkouts Full call number Barcode Date last seen Copy number Price effective from Koha item type
    Dewey Decimal Classification     Virtual Virtual Online 23/10/2006   ONLINE PUBLICATION 135401-2001 06/08/2019 1 06/08/2019 Book